Blueberry eyes /

Bibliographic Details
Main Author: Beatty, Monica Driscoll, 1956-
Corporate Author: NetLibrary, Inc
Other Authors: Michel, Peg
Format: eBook
Language:English
Published: Santa Fe : Health Press, [1996]
Subjects:
Online Access:Connect to the full text of this electronic book

MARC

Tag First Indicator Second Indicator Subfields
LEADER 00000cam a2200000La 4500
001 in00001742016
005 20220105121257.0
006 m u
007 cr cn-
008 001106s1996 nmu js 000 1 eng d
020 |a 0585294054 (electronic bk.) :  |c $8.95 
020 |z 0929173244 
035 |a (OCoLC)ocm45728080 
040 |a N$T  |c N$T  |d OCL  |d UtOrBLW 
049 |a IKMN 
100 1 |a Beatty, Monica Driscoll,  |d 1956-  |0 http://id.loc.gov/authorities/names/n97096106 
245 1 0 |a Blueberry eyes /  |c written by Monica Driscoll Beatty ; ill. by Peg Michel. 
264 1 |a Santa Fe :  |b Health Press,  |c [1996] 
264 4 |c ©1996 
300 |a [iv, 27] pages :  |b color illustrations ;  |c 27 cm. 
336 |a text  |b txt  |2 rdacontent 
337 |a computer  |b c  |2 rdamedia 
338 |a online resource  |b cr  |2 rdacarrier 
533 |a Electronic reproduction.  |b Boulder, Colo. :  |c NetLibrary,  |d 2000.  |n Available via World Wide Web.  |n Access may be limited to NetLibrary affiliated libraries. 
500 |a Electronic resource. 
650 0 |a Vision disorders in children  |v Juvenile literature. 
655 7 |a Electronic books.  |2 local 
700 1 |a Michel, Peg. 
710 2 |a NetLibrary, Inc.  |0 http://id.loc.gov/authorities/names/no99080690 
856 4 1 |u https://proxy.library.tamu.edu/login?url=http://www.netLibrary.com/urlapi.asp?action=summary&v=1&bookid=33704  |z Connect to the full text of this electronic book  |t 0 
994 |a 92  |b IKM 
999 |a MARS 
999 f f |s 284c6bf1-5586-30dc-b090-a1390585fa66  |i 1ece6b17-4a9e-3fc9-8bbf-eadd0808964b  |t 0 
952 f f |a Texas A&M University  |b College Station  |c Electronic Resources  |d Available Online  |t 0  |h No information provided 
998 f f |t 0  |l Available Online